000 00629nam a2200181 i 4500
001 108736
003 ES-MaACL
005 20250716063255.0
007 t|
008 061121s1902 sp r ||||1| spa d
100 1 _aMontaldo y Peró, Federico,
_d1859-1912
_982342
245 1 0 _aNuestras colonias en Guinea
_b: consideraciones técnicas, sociales y políticas /
_cFederico Montaldo.
260 _aMadrid :
_b[s.n],
_c1902 (
_fImp. y Lit. del Ministerio de Marina)
300 _a88 p. ;
_c21 cm.
651 4 _aGuinea Ecuatorial-
_xAdministración.
_9146007
852 _aES-MaACL
_jT-987-F-7
999 _c108736
_d108736